Devízový trh a jeho súčasný vývoj

Analýza globálneho devízového trhu v jeho súčasnej podobe. Vývoj obchodovania na devízovom trhu podľa jednotlivých nástrojov, regiónov v ktorých sa uskutočňuje najviac obchodov, obchodovaniu podľa najdôležitejších svetových mien ako aj menám s najrýchlejším rastom obchodnej aktivity. Pohľad na tzv....

ver descrição completa

Na minha lista:
Detalhes bibliográficos
Autor principal: Novota, Daniel
Formato: Capítulo de Livro
Idioma:eslovaco
Assuntos:
Tags: Adicionar Tag
Sem tags, seja o primeiro a adicionar uma tag!

MARC

LEADER 00000nla a2200000 4500
001 0201879
005 20240417075057.9
041 0 |a slo 
044 |a SK 
245 1 0 |a Devízový trh a jeho súčasný vývoj  |c Daniel Novota 
520 |a Analýza globálneho devízového trhu v jeho súčasnej podobe. Vývoj obchodovania na devízovom trhu podľa jednotlivých nástrojov, regiónov v ktorých sa uskutočňuje najviac obchodov, obchodovaniu podľa najdôležitejších svetových mien ako aj menám s najrýchlejším rastom obchodnej aktivity. Pohľad na tzv. ostatné finančné inštitúcie, ktoré sa v súčasnosti stávajú najaktívnejším participantom devízového trhu. Zhodnotenie hlavných aspektov vývoja globálneho devízového trhu v súčasnosti. 
610 2 0 |a trh devízový 
610 2 0 |a inštitúcie finančné 
610 2 0 |a obchody burzové 
100 1 |a Novota, Daniel